00712nam a2200241 a 4500001001300000003000900013005001700022008004100039020002300080082001700103100001600120245003000136260004400166300000900210500003500219505001000254650002500264700001600289902000800305942000700313952013300320999001700453nice12345678IN_TiNIC20260116014714.0121107s2011 lona grp 000 0 eng  a9780195639216c49500a954.025bBAS aBasham, A L aCultural History of India aLondan bOxford University Press c2011 a585p aincludes index and biblioraphy2 aIndex aHistoriography-India1 aBasham, A L bSRS cBK 001040708StackRoom-aHMIbHMId2012-12-18g495.00l8m1o954.025 BASp023890r2020-02-24s2020-02-20v495.00w2012-11-07yBK c16552d16552